=LDR 00000nam 2200000 4500 =001 INLIS000000000019840 =005 20130612114846 =008 ***********************************Ind** =035 ##$$0010-061300000019840 =041 ##$$a Ind =082 ##$$a 828.83 =090 ##$$a 828.83, Bla t =100 ##$$a Blaker Andrea =245 ##$$a The night of the hurricane, Andrea Blake =260 ##$$a 1965 $b London =300 ##$$a 197 hlm, 31 cm =650 ##$$a Kesusastraan Inggris-Penulisan =850 ##$$a NBPNMAT